| 000 | 00718nam a22002777a 4500 | ||
|---|---|---|---|
| 003 | FEu | ||
| 005 | 20140310182813.0 | ||
| 008 | 130223t xxu||||| |||| 00| 0 eng d | ||
| 020 | _a9-81259646-1 | ||
| 050 |
_aRD 71 _b.T566 2006 |
||
| 245 |
_aInstrumentation for the operating room _ba photographic manual _cTighe, Shirley M. |
||
| 250 | _a6th ed. | ||
| 260 |
_a3 Killiney Road #08-01 Winsland House 1, Singapore _bElsevier (Singapore) _cc2006 |
||
| 300 |
_a315 p. : _c26 cm. |
||
| 521 | _aNUR | ||
| 526 | _c1210L-1700L | ||
| 562 | _e1 | ||
| 942 |
_2lcc _cBK _kFOR |
||
| 999 |
_c16218 _d16218 |
||